[Event "RSA-ch (Women) op"]
[Site "Port Elizabeth"]
[Date "2005.02.26"]
[Round "6"]
[White "Van der Merwe, Cecile Henriette"]
[Black "Bouah, Denise"]
[Result "1-0"]
[WhiteElo "2087"]
[BlackElo "1870"]
[PlyCount "111"]
[EventDate "2005.02.24"]
[EventType "tourn"]
[EventRounds "7"]
[EventCountry "RSA"]
[SourceTitle "EXT 2007"]
[Source "ChessBase"]
[SourceDate "2006.11.23"]
[SourceVersion "1"]
[SourceVersionDate "2006.11.23"]
[SourceQuality "1"]

1. e4 c5 2. Nf3 e6 3. d4 cxd4 4. Nxd4 a6 5. Nc3 Qc7 6. Be2 Nc6 7. 0-0 Nf6 8. Be3 Bb4 9. Na4 Be7 10. Nxc6 bxc6 11. Nb6 Rb8 12. Nxc8 Qxc8 13. Qd4 c5 14. Qa4 Rb6 15. Rad1 0-0 16. b3 Qc7 17. Bd2 Qe5 18. Bf3 d5 19. exd5 Nxd5 20. Rfe1 Qf6 21. Qc4 Nb4 22. a3 Nc6 23. Bc3 Nd4 24. Rxd4 cxd4 25. Bxd4 e5 26. Rxe5 Re6 27. Rxe6 Qxe6 28. Qxe6 fxe6 29. a4 Bb4 30. Kf1 Rc8 31. Be4 Rd8 32. Be3 g6 33. Ke2 Kf7 34. Bd3 Kf6 35. Bxa6 Ke5 36. Bd3 Rc8 37. Bb6 Kd5 38. Bc4+ Kd6 39. Kd3 e5 40. c3 Bc5 41. Bxc5+ Kxc5 42. b4+ Kd6 43. f3 Ra8 44. a5 Kc6 45. Ke4 Re8 46. b5+ Kc5 47. Bd3 Ra8 48. a6 Rd8 49. Ke3 Kb6 50. Kd2 Kc5 51. Kc2 Rf8 52. Kb3 Rf4 53. Be4 Kb6 54. c4 Rf7 55. Bd5 Rc7 56. Bc6 1-0

[Event "Olympiad Women-36"]
[Site "Mallorca"]
[Date "2004.10.28"]
[Round "13.1"]
[White "Stolarczyk, Anna"]
[Black "Van der Merwe, Cecile Henriette"]
[Result "0-1"]
[WhiteElo "2006"]
[BlackElo "2059"]
[PlyCount "88"]
[EventDate "2004.10.15"]
[EventType "team-swiss"]
[EventRounds "14"]
[EventCountry "ESP"]
[SourceTitle "EXT 2005"]
[Source "ChessBase"]
[SourceDate "2004.11.15"]
[SourceVersion "1"]
[SourceVersionDate "2004.11.15"]
[SourceQuality "1"]
[WhiteTeam "IBCA (W)"]
[BlackTeam "South Africa (W)"]
[BlackTeamCountry "RSA"]

1. d4 Nf6 2. c4 c5 3. d5 b5 4. cxb5 a6 5. Nc3 axb5 6. Nxb5 g6 7. g3 d6 8. Bg2 Bg7 9. e4 Nbd7 10. Ne2 Ba6 11. Nbc3 0-0 12. 0-0 Ne5 13. Qc2 Qa5 14. Bd2 Rfb8 15. b3 Bd3 16. Qc1 Qa6 17. Re1 Ne8 18. Bh6 Bh8 19. Qd2 Ng4 20. Bg5 Bxe2 21. Nxe2 Bxa1 22. Rxa1 f6 23. Bf4 Rxb3 24. Bh3 Ne5 25. Bxe5 fxe5 26. f4 Qd3 27. Qxd3 Rxd3 28. fxe5 Re3 29. Kf2 Rxe4 30. exd6 exd6 31. Nf4 Rea4 32. Bd7 Rxa2+ 33. Rxa2 Rxa2+ 34. Kf3 Nc7 35. h4 Kf7 36. g4 c4 37. Ke4 c3 38. Be6+ Nxe6 39. dxe6+ Ke7 40. Nd5+ Kxe6 41. Nxc3 Rh2 42. h5 gxh5 43. gxh5 Rxh5 44. Ne2 Re5+ 0-1

[Event "Olympiad Women-36"]
[Site "Mallorca"]
[Date "2004.10.15"]
[Round "1.1"]
[White "Muzychuk, Anna"]
[Black "Van der Merwe, Cecile Henriette"]
[Result "1-0"]
[WhiteElo "2383"]
[BlackElo "2059"]
[PlyCount "71"]
[EventDate "2004.10.15"]
[EventType "team-swiss"]
[EventRounds "14"]
[EventCountry "ESP"]
[SourceTitle "CBM 102 Extra"]
[Source "ChessBase"]
[SourceDate "2004.11.03"]
[SourceVersion "1"]
[SourceVersionDate "2004.11.03"]
[SourceQuality "1"]
[WhiteTeam "Slovenia (W)"]
[BlackTeam "South Africa (W)"]
[WhiteTeamCountry "SLO"]
[BlackTeamCountry "RSA"]

1. e4 e6 2. d4 d5 3. Nc3 Nf6 4. Bg5 Be7 5. e5 Nfd7 6. Bxe7 Qxe7 7. f4 a6 8. Nf3 c5 9. Qd2 Nc6 10. dxc5 Nxc5 11. 0-0-0 b5 12. Nd4 Nxd4 13. Qxd4 b4 14. Ne2 a5 15. Kb1 Ba6 16. g4 0-0 17. Ng3 Bxf1 18. Rhxf1 Rac8 19. f5 Qc7 20. Rf2 Nd7 21. Re1 Qc4 22. Qd2 Qc7 23. f6 gxf6 24. exf6 Kh8 25. Nh5 Rg8 26. g5 Nc5 27. Ng3 Rg6 28. Rg2 Rcg8 29. h4 Nd7 30. Nh5 Rc8 31. Nf4 Rgg8 32. h5 Qd8 33. Reg1 Ne5 34. g6 Re8 35. gxf7 Nxf7 36. Ng6+ 1-0